00497nam a2200193 a 4500001001300000003000900013005001700022008004100039020002300080082001700103100001900120245003300139260003200172300001000204500003500214650001400249650002100263700001900284nice12345678IN_TiNIC20260116014913.0140901s2011 newa grp 000 0 eng  a9780061927089c30000a297.211bVOL aVolf, Miroslav aAllahb A Christian Response aNew York bHarperone c2011 a326p  aincludes index and biblioraphy aGod-Islam aGod-Christianity1 aVolf, Miroslav